000 00683nam a2200289Ia 4500
005 20260324125604.0
008 008 260324s9999 xx 000 0 eng d
020 _a9781315631769
037 _aEBOOK
040 _aCRL
040 _beng
040 _cCRL
041 _2eng
041 _aeng
084 _qCRL
100 _aRobert F. Arnove
_91178547
245 0 _aTalent Abounds
245 0 _bProfiles of Master Teachers and Peak Performers
260 _bTaylor and Francis
260 _c2009
365 _a
365 _b350
856 _uhttp://www.taylorfrancis.com/books/9781315631769
942 _cEBOOK
999 _c1773962
_d1773962